Les 100 livres du XXème siècle - Statistiques

Statistiques générales
  • Ce quiz a été pris 682 fois
  • Le résultat moyen est 24 sur 100
Statistiques - réponses
# Auteur et Année Réponse % Correct
4 Antoine de Saint Exupéry (1943) Le Petit Prince
93%
1 Albert Camus (1942) L'Etranger
93%
22 George Orwell (1949) 1984
80%
19 Anne Frank (1947) Le Journal d'Anne Frank
76%
2 Marcel Proust (1913-1927) A La Recherche du Temps Perdu
73%
6 Louis-Ferdinand Céline (1932) Voyage au Bout de la Nuit
69%
58 JRR Tolkien (1954-1955) Le Seigneur des Anneaux
66%
10 Boris Vian (1947) L'Ecume des Jours
60%
11 Simone de Beauvoir (1949) Le Deuxième Sexe
59%
7 John Steinbeck (1939) Les Raisins de la Colère
57%
27 Vladimir Nabokov (1955) Lolita
56%
3 Frank Kafka (1925) Le Procès
55%
17 Guillaume Apollinaire (1913) Alcools
52%
14 Umberto Eco (1980) Le Nom de la Rose
52%
12 Samuel Beckett (1952) En Attendant Godot
49%
5 André Malraux (1933) La Condition Humaine
49%
21 Aldous Huxley (1932) Le Meilleur des Mondes
48%
24 Eugène Ionesco (1952) La Cantatrice Chauve
47%
41 Françoise Sagan (1954) Bonjour Tristesse
44%
9 Alain Fournier (1913) Le Grand Meaulnes
44%
57 Primo Levi (1947) Si c'est un Homme
44%
46 Francis Scott Fitzgerald (1925) Gatsby le Magnifique
43%
23 René Goscinny et Albert Uderzo (1959) Astérix le Gaulois
40%
33 Gabriel Garcia Marquez (1967) Cent Ans de Solitude
37%
67 Jack Kerouack (1957) Sur la Route
35%
28 James Joyce (1922) Ulysse
34%
36 Raymond Queneau (1959) Zazie dans le Metro
34%
44 Sir Arthur Conan Doyle (1901-1902) Le Chien des Baskerville
32%
38 Margaret Mitchell (1936) Autant en Emporte le Vent
31%
16 Jacques Prévert (1946) Paroles
31%
32 Albert Cohen (1968) Belle du Seigneur
30%
15 Alexandre Soljenitsyne (1973) L'Archipel du Goulag
26%
30 André Gide (1925) Les Faux-Monnayeurs
25%
8 Ernest Hemingway (1940) Pour Qui Sonne le Glas
25%
88 J.D Salinger (1951) L'Attrape-coeurs
24%
31 Jean Giono (1925) Le Hussard sur le Toit
24%
56 H.G Wells (1898) La Guerre des Mondes
22%
13 Jean Paul Sartres (1943) L'Etre et le Néant
22%
20 Claude Lévi-Strauss (1955) Tristes Tropiques
21%
61 Jack London (1909) Martin Eden
20%
50 André Breton (1928) Nadja
20%
69 Virginia Woolf (1929) Une Chambre à Soi
20%
34 William Faulkner (1929) Le Bruit et la Fureur
19%
42 Vercors (1942) Le Silence de la Mer
19%
51 Louis Aragon (1944) Aurelien
18%
98 André Franquin (1957) Gaston
18%
40 Thomas Mann (1924) La Montagne Magique
18%
18 Hergé (1936) Le Lotus Bleu
17%
29 Dino Buzzati (1940) Le Désert des Tartares
16%
94 Mikhail Boulgakov (1967-1973) Le Maitre et Marguerite
16%
35 François Mauriac (1927) Therèse Desqueyroux
16%
26 Marguerite Yourcenar (1968) L'Oeuvre au Noir
15%
45 George Bernanos (1926) Sous le Soleil de Satan
15%
55 Michel Tournier (1967) Vendredi ou les Limbes du Pacifique
15%
70 Ray Bradbury (1950) Chroniques Martiennes
13%
49 Agatha Christie (1926) Le Meurtre de Roger Ackroyd
13%
39 D.H Lawrence (1928) L'Amant de Lady Chatterley
11%
52 Paul Claudel (1929) Le Soulier de Satin
11%
60 Paul Eluard (1926) Capitale de la Douleur
10%
43 Georges Perec (1978) La Vie Mode d'Emploi
10%
53 Luigi Pirandello (1921) Six Personnages en Quête D'Auteur
10%
79 Jorge Luis Borgès (1944) Fictions
9%
92 Michel Butor (1957) La Modification
9%
47 Milan Kundera (1967) La Plaisanterie
9%
65 Julien Gracq (1951) Le Rivage des Syrtes
9%
37 Stefan Zweig (1927) La Confusion des Sentiments
8%
48 Alberto Moravia (1954) Le Mepris
8%
73 Nathalie Sarraute (1939) Tropismes
8%
90 Edgar P. Jacobs (1950) Blake et Mortimer
7%
71 Marguerite Duras (1964) Le Ravissement de Lol V. Stein
7%
66 Michel Foucault (1966) Les Mots et les Choses
7%
93 Hannah Arendt (1951) Les Origines du Totalitarisme
7%
99 Malcolm Lowry (1947) Au-dessous du Volcan
6%
82 William Styron (1979) Le Choix de Sophie
6%
72 J.M.G Le Clézio (1963) Le Procès-Verbal
6%
77 Antonin Artaud (1938) Le Théatre et son Double
6%
78 John Dos Passos (1925) Manhattan Transfer
6%
85 Jean Genet (1944) Notre-Dame-Des-Fleurs
6%
74 Jules Renard (1925) Journal
5%
96 Raymond Chandler (1939) Le Grand Sommeil
5%
100 Salman Rushdie (1981) Les Enfants de Minuit
5%
86 Robert Musil (1930-1932) L'Homme sans Qualités
5%
75 Joseph Conrad (1900) Lord Jim
5%
25 Sigmund Freud (1905) Trois Essais sur la Théorie Sexuelle
5%
62 Hugo Pratt (1967) La Ballade de la Mer salée
4%
95 Henry Miller (1949-1960) La Crucifixion en Rose)
4%
54 Bertolt Brecht (1959) La Résistible Ascension d'Arturo Ui
4%
63 Roland Barthes (1953) Le Degré Zero de l'Ecriture
4%
81 Ismail Kadare (1963) Le General de l'Armée Morte
4%
68 Selma Lagerlof (1906-1907) Le Merveilleux Voyage de Nils Holgersson à Travers la Suède
4%
64 Heinrich Boll (1974) L'honneur perdu de Katharina Blum
4%
80 Blaide Cendrars (1926) Moravagine
4%
83 Federico Garcia Lorca (1928) Romancero GItano
4%
97 Saint-John Perse (1957) Amers
3%
76 Jacques Lacan (1966) Ecrits
3%
87 René Char (1948) Fureur et Mystère
3%
59 Colette (1908) Les Vrilles de la Vigne
3%
89 James Hadley Chase (1939) Pas d'Orchidées pour Miss Blandish
3%
84 Georges Simenon (1931) Pietr-le-Letton
3%
91 Rainer Maria Rilke (1910) Les Cahiers de Malte Laurids Brigge
2%
Aucun quiz correspondant
Distribution des résultats
% des personnes avec chaque résultat
Percentile par nombre de réponses
Votre historique - résultats
Vous n’avez pas pris ce quiz